Trang bị động lực Điêzen tàu thuỷ

Bewaard in:
Bibliografische gegevens
Hoofdauteur: Phạm, Văn Thể
Formaat: Boek
Taal:Undetermined
Gepubliceerd in: Hà Nội Khoa học và Kỹ thuật 2006
Onderwerpen:
Tags: Voeg label toe
Geen labels, Wees de eerste die dit record labelt!
Thư viện lưu trữ: Trung tâm Học liệu Trường Đại học Cần Thơ
LEADER 00553nam a2200193Ia 4500
001 CTU_118054
008 210402s9999 xx 000 0 und d
082 |a 621.436 
082 |b Th250 
100 |a Phạm, Văn Thể 
245 0 |a Trang bị động lực Điêzen tàu thuỷ 
245 0 |c Phạm Văn Thể 
260 |a Hà Nội 
260 |b Khoa học và Kỹ thuật 
260 |c 2006 
650 |a Diesel motor 
650 |x Fuel system 
904 |i Hiếu 
980 |a Trung tâm Học liệu Trường Đại học Cần Thơ